[Event "Deutsche Ländermeisterschaft 2018"]
[Site "Würzburg GER"]
[Date "2018.10.06"]
[Round "6"]
[White "Wu, Leon"]
[Black "Pubantz, Jan"]
[Result "0-1"]
[Termination "normal"]
[Board "1.5"]
[WhiteElo "2009"]
[BlackElo "2084"]
[WhiteClock "00:15:54"]
[BlackClock "00:35:17"]
[WhiteTeam "Baden 1"]
[BlackTeam "Niedersachsen"]
[PlyCount "90"]
[WhiteFideId "12977438"]
[BlackFideId "12996114"]
[EventCountry "GER"]
[EventRounds "7"]
[EventType "team-swiss"]
[EventDate "2018.10.02"]

1. e4 {[%clk 1:30:55]} c5 {[%clk 1:30:55]} 2. Nf3 {[%clk 1:31:16]} d6 {[%clk
1:31:19]} 3. d4 {[%clk 1:31:38]} cxd4 {[%clk 1:31:44]} 4. Nxd4 {[%clk 1:32:03]}
Nf6 {[%clk 1:32:05]} 5. f3 {[%clk 1:32:26]} e5 {[%clk 1:29:03]} 6. Nb3 {[%clk
1:32:19]} d5 {[%clk 1:18:05]} 7. Bg5 {[%clk 1:32:09]} Be6 {[%clk 1:18:25]} 8.
Bxf6 {[%clk 1:32:14]} gxf6 {[%clk 1:18:42]} 9. exd5 {[%clk 1:32:35]} Qxd5
{[%clk 1:19:06]} 10. Qxd5 {[%clk 1:32:42]} Bxd5 {[%clk 1:19:31]} 11. Nc3 {[%clk
1:33:01]} Be6 {[%clk 1:17:12]} 12. O-O-O {[%clk 1:33:10]} Nc6 {[%clk 1:13:37]}
13. Nd5 {[%clk 1:30:25]} Bh6+ {[%clk 1:03:25]} 14. Kb1 {[%clk 1:29:01]} O-O-O
{[%clk 1:02:57]} 15. Nc3 {[%clk 1:15:27]} Rxd1+ {[%clk 1:03:18]} 16. Nxd1
{[%clk 1:15:50]} Rd8 {[%clk 0:54:56]} 17. Nc3 {[%clk 1:13:35]} Bxb3 {[%clk
0:35:10]} 18. axb3 {[%clk 1:12:12]} Rd2 {[%clk 0:34:33]} 19. g3 {[%clk
0:30:32]} Nd4 {[%clk 0:32:23]} 20. Bd3 {[%clk 0:29:50]} Nxf3 {[%clk 0:26:04]}
21. Bxh7 {[%clk 0:27:57]} Rxh2 {[%clk 0:22:46]} 22. Rxh2 {[%clk 0:28:06]} Nxh2
{[%clk 0:23:11]} 23. Ne4 {[%clk 0:26:53]} Bg7 24. Bg8 {[%clk 0:25:43]} Kd7
{[%clk 0:18:57]} 25. Bxf7 {[%clk 0:24:47]} f5 {[%clk 0:17:25]} 26. Nf2 {[%clk
0:23:57]} e4 {[%clk 0:15:27]} 27. Bg6 {[%clk 0:03:32]} Ke6 {[%clk 0:15:43]} 28.
g4 {[%clk 0:03:36]} Nxg4 {[%clk 0:15:50]} 29. Nxg4 {[%clk 0:03:57]} fxg4 {[%clk
0:16:11]} 30. Bxe4 {[%clk 0:04:22]} b6 {[%clk 0:05:53]} 31. c3 {[%clk 0:01:35]}
Ke5 {[%clk 0:05:53]} 32. Bb7 {[%clk 0:00:47]} Kf4 {[%clk 0:06:15]} 33. Ka2
{[%clk 0:00:33]} a5 {[%clk 0:04:04]} 34. Ka3 {[%clk 0:00:55]} Bf8+ {[%clk
0:03:43]} 35. Ka4 {[%clk 0:00:43]} Bc5 {[%clk 0:02:49]} 36. Kb5 {[%clk
0:00:54]} Kg3 {[%clk 0:02:50]} 37. Ka4 {[%clk 0:00:43]} Kf2 {[%clk 0:03:11]}
38. b4 {[%clk 0:00:37]} axb4 {[%clk 0:03:34]} 39. cxb4 {[%clk 0:00:34]} Be3
{[%clk 0:03:55]} 40. Kb3 {[%clk 0:00:40]} g3 {[%clk 0:04:19]} 41. Ka4 {[%clk
0:22:31]} g2 {[%clk 0:34:37]} 42. Bxg2 {[%clk 0:21:21]} Kxg2 {[%clk 0:35:02]}
43. b3 {[%clk 0:19:05]} Kf3 {[%clk 0:35:21]} 44. Kb5 {[%clk 0:18:48]} Ke2
{[%clk 0:35:01]} 45. Ka4 {[%clk 0:15:54]} Kd3 {[%clk 0:35:17]} 0-1

[Event "Deutsche Ländermeisterschaft 2018"]
[Site "Würzburg GER"]
[Date "2018.10.06"]
[Round "6"]
[White "Nothnagel, Marian Can"]
[Black "Niermann, Tristan"]
[Result "1/2-1/2"]
[Termination "normal"]
[Board "2.1"]
[BlackTitle "FM"]
[WhiteElo "2341"]
[BlackElo "2315"]
[WhiteClock "00:16:52"]
[BlackClock "00:19:08"]
[WhiteTeam "Hessen"]
[BlackTeam "Nordrhein-Westfalen"]
[PlyCount "87"]
[WhiteFideId "12921530"]
[BlackFideId "12990698"]
[EventCountry "GER"]
[EventRounds "7"]
[EventType "team-swiss"]
[EventDate "2018.10.02"]

1. Nf3 {[%clk 1:30:58]} Nf6 {[%clk 1:30:46]} 2. g3 {[%clk 1:31:22]} d5 {[%clk
1:31:04]} 3. Bg2 {[%clk 1:31:49]} c6 {[%clk 1:29:44]} 4. O-O {[%clk 1:32:12]}
Bg4 {[%clk 1:29:44]} 5. d3 {[%clk 1:31:56]} Nbd7 {[%clk 1:29:56]} 6. h3 {[%clk
1:31:43]} Bxf3 {[%clk 1:30:02]} 7. Bxf3 {[%clk 1:32:07]} e5 {[%clk 1:26:28]} 8.
Nd2 {[%clk 1:32:01]} Bc5 {[%clk 1:24:53]} 9. e4 {[%clk 1:31:01]} O-O {[%clk
1:23:50]} 10. Qe2 {[%clk 1:27:58]} Re8 {[%clk 1:22:08]} 11. Bg2 {[%clk
1:21:41]} Qe7 {[%clk 1:10:10]} 12. Nf3 {[%clk 1:17:30]} Rad8 {[%clk 1:06:19]}
13. Nh4 {[%clk 1:10:27]} g6 {[%clk 0:57:40]} 14. Bd2 {[%clk 1:10:19]} dxe4
{[%clk 0:56:09]} 15. dxe4 {[%clk 1:10:42]} Nf8 {[%clk 0:53:39]} 16. Nf3 {[%clk
0:57:19]} Ne6 {[%clk 0:46:28]} 17. c3 {[%clk 0:55:52]} Qc7 {[%clk 0:39:20]} 18.
Ng5 {[%clk 0:48:12]} Qd6 {[%clk 0:30:38]} 19. Nxe6 {[%clk 0:39:33]} Rxe6 {[%clk
0:29:46]} 20. Bg5 {[%clk 0:20:56]} Qd3 {[%clk 0:24:24]} 21. Qf3 {[%clk
0:20:04]} Qxf3 {[%clk 0:23:35]} 22. Bxf3 {[%clk 0:20:28]} Rd3 {[%clk 0:22:41]}
23. Kg2 {[%clk 0:20:52]} Kg7 {[%clk 0:21:59]} 24. Rad1 {[%clk 0:21:10]} Red6
{[%clk 0:20:04]} 25. Rxd3 {[%clk 0:21:33]} Rxd3 {[%clk 0:20:30]} 26. Re1 {[%clk
0:21:23]} Rd7 {[%clk 0:15:00]} 27. Kf1 {[%clk 0:09:35]} h6 {[%clk 0:08:37]} 28.
Bc1 {[%clk 0:09:57]} g5 {[%clk 0:08:08]} 29. Ke2 {[%clk 0:09:39]} Bb6 {[%clk
0:04:44]} 30. a4 {[%clk 0:05:23]} Rd8 {[%clk 0:04:07]} 31. Rh1 {[%clk 0:05:21]}
a5 {[%clk 0:03:02]} 32. Be3 {[%clk 0:02:41]} Bxe3 {[%clk 0:03:22]} 33. Kxe3
{[%clk 0:03:05]} Rd6 {[%clk 0:02:59]} 34. Be2 {[%clk 0:03:21]} Nd7 {[%clk
0:02:40]} 35. Rb1 {[%clk 0:02:03]} Nc5 {[%clk 0:01:22]} 36. Bd1 {[%clk
0:01:50]} b5 {[%clk 0:00:54]} 37. axb5 {[%clk 0:01:31]} cxb5 {[%clk 0:01:20]}
38. Be2 {[%clk 0:01:27]} b4 {[%clk 0:01:16]} 39. cxb4 {[%clk 0:00:56]} axb4
{[%clk 0:01:44]} 40. Rc1 {[%clk 0:01:06]} Ne6 {[%clk 0:00:54]} 41. Bc4 {[%clk
0:26:36]} Rc6 {[%clk 0:20:41]} 42. b3 {[%clk 0:17:47]} Nd4 {[%clk 0:19:30]} 43.
Rd1 {[%clk 0:16:44]} Rf6 {[%clk 0:19:08]} 44. f4 {[%clk 0:16:52]} 1/2-1/2

[Event "Deutsche Ländermeisterschaft 2018"]
[Site "Würzburg GER"]
[Date "2018.10.06"]
[Round "6"]
[White "Browning, Alex"]
[Black "Neukirchner, Pascal"]
[Result "0-1"]
[Termination "normal"]
[Board "2.2"]
[BlackTitle "FM"]
[WhiteElo "2148"]
[BlackElo "2294"]
[WhiteClock "00:04:43"]
[BlackClock "00:17:58"]
[WhiteTeam "Nordrhein-Westfalen"]
[BlackTeam "Hessen"]
[PlyCount "70"]
[WhiteFideId "12984019"]
[BlackFideId "12997927"]
[EventCountry "GER"]
[EventRounds "7"]
[EventType "team-swiss"]
[EventDate "2018.10.02"]

1. e4 {[%clk 1:30:58]} c5 {[%clk 1:30:55]} 2. Nf3 {[%clk 1:31:22]} Nc6 {[%clk
1:31:20]} 3. c3 {[%clk 1:31:42]} d5 {[%clk 1:31:39]} 4. exd5 {[%clk 1:32:02]}
Qxd5 {[%clk 1:32:03]} 5. d4 {[%clk 1:32:24]} Bf5 {[%clk 1:32:29]} 6. Be3 {[%clk
1:29:25]} cxd4 {[%clk 1:32:32]} 7. cxd4 {[%clk 1:20:37]} Bxb1 {[%clk 1:32:53]}
8. Rxb1 {[%clk 1:17:17]} Qxa2 {[%clk 1:30:51]} 9. Bd3 {[%clk 1:13:49]} e6
{[%clk 1:29:21]} 10. O-O {[%clk 1:12:28]} Nf6 {[%clk 1:28:38]} 11. Ne5 {[%clk
1:09:24]} Qa5 {[%clk 1:23:33]} 12. Ra1 {[%clk 1:05:50]} Qc7 {[%clk 1:20:52]}
13. Qa4 {[%clk 1:04:46]} Bd6 {[%clk 1:20:36]} 14. Rfc1 {[%clk 0:55:24]} O-O
{[%clk 1:16:27]} 15. Nxc6 {[%clk 0:37:42]} bxc6 {[%clk 1:16:06]} 16. h3 {[%clk
0:37:08]} Nd5 {[%clk 1:08:46]} 17. Rxc6 {[%clk 0:34:07]} Qe7 {[%clk 1:04:53]}
18. Be4 {[%clk 0:31:16]} Nxe3 {[%clk 1:02:59]} 19. Rxd6 {[%clk 0:30:05]} Qxd6
{[%clk 1:02:07]} 20. Bxa8 {[%clk 0:30:27]} Rxa8 {[%clk 1:00:32]} 21. fxe3
{[%clk 0:30:44]} Qg3 {[%clk 0:59:07]} 22. Qb3 {[%clk 0:26:38]} Rc8 {[%clk
0:55:40]} 23. Qd3 {[%clk 0:26:28]} h5 {[%clk 0:50:39]} 24. Rd1 {[%clk 0:22:55]}
h4 {[%clk 0:50:56]} 25. Qe2 {[%clk 0:22:24]} Qc7 {[%clk 0:36:55]} 26. e4 {[%clk
0:16:46]} Qc2 {[%clk 0:37:05]} 27. Kf2 {[%clk 0:11:13]} Qa4 {[%clk 0:31:37]}
28. Rd2 {[%clk 0:09:29]} Rc1 {[%clk 0:30:00]} 29. Qd3 Qa1 {[%clk 0:21:01]} 30.
d5 {[%clk 0:08:50]} Rh1 {[%clk 0:21:12]} 31. Qe2 {[%clk 0:05:25]} Qg1+ {[%clk
0:21:28]} 32. Kf3 {[%clk 0:05:50]} Rxh3+ {[%clk 0:21:51]} 33. Kg4 {[%clk
0:05:01]} Qh2 {[%clk 0:19:00]} 34. Qf2 {[%clk 0:04:19]} Rg3+ {[%clk 0:18:16]}
35. Kh5 {[%clk 0:04:43]} h3 {[%clk 0:17:58]} 0-1

[Event "Deutsche Ländermeisterschaft 2018"]
[Site "Würzburg GER"]
[Date "2018.10.06"]
[Round "6"]
[White "Krastev, Alexander"]
[Black "Garbuz, Vitaliy"]
[Result "1-0"]
[Termination "normal"]
[Board "2.3"]
[WhiteElo "2298"]
[BlackElo "2182"]
[WhiteClock "00:01:06"]
[BlackClock "00:01:03"]
[WhiteTeam "Hessen"]
[BlackTeam "Nordrhein-Westfalen"]
[PlyCount "153"]
[WhiteFideId "12989983"]
[BlackFideId "12990710"]
[EventCountry "GER"]
[EventRounds "7"]
[EventType "team-swiss"]
[EventDate "2018.10.02"]

1. e4 {[%clk 1:30:58]} Nf6 {[%clk 1:30:50]} 2. e5 {[%clk 1:30:56]} Nd5 {[%clk
1:31:13]} 3. d4 {[%clk 1:31:21]} d6 {[%clk 1:31:38]} 4. c4 {[%clk 1:31:47]} Nb6
{[%clk 1:32:03]} 5. exd6 {[%clk 1:32:11]} cxd6 {[%clk 1:32:30]} 6. Nc3 {[%clk
1:32:20]} g6 {[%clk 1:32:53]} 7. Be3 {[%clk 1:32:15]} Bg7 {[%clk 1:33:16]} 8.
Rc1 {[%clk 1:31:52]} O-O {[%clk 1:33:39]} 9. b3 {[%clk 1:32:18]} Bf5 {[%clk
1:33:28]} 10. Nf3 {[%clk 1:32:20]} d5 {[%clk 1:33:15]} 11. c5 {[%clk 1:32:21]}
Nc8 {[%clk 1:33:38]} 12. Be2 {[%clk 1:31:07]} Nc6 {[%clk 1:29:52]} 13. O-O
{[%clk 1:29:47]} Bg4 {[%clk 1:29:53]} 14. h3 {[%clk 1:22:04]} Bxf3 {[%clk
1:30:11]} 15. Bxf3 {[%clk 1:22:31]} e6 {[%clk 1:30:27]} 16. Qd2 {[%clk
1:00:38]} N8e7 {[%clk 1:29:33]} 17. Rfd1 {[%clk 1:00:37]} Nf5 {[%clk 1:29:06]}
18. Ne2 {[%clk 0:59:38]} h5 {[%clk 1:12:56]} 19. g3 {[%clk 0:58:25]} Kh7 {[%clk
1:09:19]} 20. Bg2 {[%clk 0:57:19]} Nxe3 {[%clk 0:46:06]} 21. Qxe3 {[%clk
0:56:32]} Bh6 {[%clk 0:44:17]} 22. f4 {[%clk 0:55:44]} h4 {[%clk 0:42:26]} 23.
g4 {[%clk 0:54:52]} Rh8 24. a3 {[%clk 0:48:04]} Kg8 {[%clk 0:20:54]} 25. Rf1
{[%clk 0:42:18]} Ne7 {[%clk 0:20:49]} 26. Qf3 {[%clk 0:39:00]} Qd7 {[%clk
0:20:35]} 27. Rb1 {[%clk 0:34:17]} Bg7 {[%clk 0:18:54]} 28. Qd3 {[%clk
0:33:44]} a6 {[%clk 0:18:43]} 29. Rfd1 {[%clk 0:23:41]} Bh6 {[%clk 0:18:04]}
30. b4 {[%clk 0:20:15]} Qb5 {[%clk 0:11:12]} 31. Qc2 {[%clk 0:15:44]} Qd7
{[%clk 0:10:14]} 32. a4 {[%clk 0:13:55]} Kh7 {[%clk 0:07:55]} 33. Rd3 {[%clk
0:11:23]} Nc6 {[%clk 0:07:07]} 34. Ra3 {[%clk 0:09:53]} Bg7 {[%clk 0:05:59]}
35. Qd2 {[%clk 0:09:59]} Qe7 {[%clk 0:04:37]} 36. Kh1 {[%clk 0:07:51]} Qf6
{[%clk 0:04:59]} 37. Rd3 {[%clk 0:08:11]} Qe7 {[%clk 0:02:41]} 38. Ng1 {[%clk
0:07:38]} Qc7 {[%clk 0:01:52]} 39. Nf3 {[%clk 0:02:56]} Bf6 {[%clk 0:01:31]}
40. Rf1 {[%clk 0:00:37]} Ne7 {[%clk 0:00:39]} 41. Ne5 {[%clk 0:29:22]} Nc6
{[%clk 0:29:39]} 42. Ra3 {[%clk 0:26:34]} Rhf8 {[%clk 0:23:49]} 43. Rfa1 {[%clk
0:19:57]} Nxe5 {[%clk 0:22:18]} 44. fxe5 {[%clk 0:12:36]} Be7 {[%clk 0:21:45]}
45. Rf1 {[%clk 0:12:45]} Qd8 {[%clk 0:18:37]} 46. Raf3 {[%clk 0:12:26]} Kg7
{[%clk 0:15:42]} 47. Qe1 {[%clk 0:04:25]} Bg5 {[%clk 0:13:56]} 48. R1f2 {[%clk
0:02:35]} Qe7 {[%clk 0:13:07]} 49. Rf6 {[%clk 0:02:32]} Kh7 {[%clk 0:12:56]}
50. R2f3 {[%clk 0:01:35]} Qd7 {[%clk 0:12:20]} 51. Bf1 {[%clk 0:01:31]} Bxf6
{[%clk 0:11:21]} 52. Rxf6 {[%clk 0:01:38]} Qxa4 {[%clk 0:10:38]} 53. Qxh4+
{[%clk 0:01:51]} Kg7 {[%clk 0:10:59]} 54. Rf4 {[%clk 0:01:07]} Qd7 {[%clk
0:10:19]} 55. Qf6+ {[%clk 0:01:01]} Kg8 {[%clk 0:10:30]} 56. Qg5 {[%clk
0:01:18]} Kg7 {[%clk 0:09:57]} 57. Qf6+ {[%clk 0:01:03]} Kg8 {[%clk 0:09:56]}
58. Qg5 {[%clk 0:01:16]} Kg7 59. Bd3 {[%clk 0:01:34]} Rh8 {[%clk 0:04:44]} 60.
Qf6+ {[%clk 0:01:57]} Kg8 {[%clk 0:04:04]} 61. Bxg6 {[%clk 0:02:07]} Rf8 {[%clk
0:01:04]} 62. Bc2 {[%clk 0:01:54]} Qd8 {[%clk 0:01:02]} 63. Kg2 {[%clk
0:02:06]} Qxf6 {[%clk 0:01:12]} 64. Rxf6 {[%clk 0:02:00]} a5 {[%clk 0:00:38]}
65. b5 {[%clk 0:01:09]} Kg7 {[%clk 0:00:49]} 66. Kg3 {[%clk 0:01:10]} Ra8
{[%clk 0:00:38]} 67. Ba4 {[%clk 0:01:30]} Rh6 {[%clk 0:00:35]} 68. g5 {[%clk
0:01:41]} Rxf6 {[%clk 0:00:44]} 69. exf6+ {[%clk 0:02:08]} Kg8 {[%clk 0:00:38]}
70. Kf4 {[%clk 0:02:14]} Rd8 {[%clk 0:00:35]} 71. h4 {[%clk 0:02:01]} Kf8
{[%clk 0:00:34]} 72. Ke5 {[%clk 0:01:14]} b6 {[%clk 0:00:33]} 73. cxb6 {[%clk
0:00:40]} Ke8 {[%clk 0:00:34]} 74. b7 {[%clk 0:00:52]} Rb8 {[%clk 0:00:39]} 75.
b6+ {[%clk 0:00:36]} Kd8 {[%clk 0:00:55]} 76. h5 {[%clk 0:00:43]} Rxb7 {[%clk
0:01:03]} 77. h6 {[%clk 0:01:06]} 1-0

[Event "Deutsche Ländermeisterschaft 2018"]
[Site "Würzburg GER"]
[Date "2018.10.06"]
[Round "6"]
[White "Wagner, Leopold Franziskus"]
[Black "Bluhm, Sonja Maria"]
[Result "0-1"]
[Termination "normal"]
[Board "2.4"]
[BlackTitle "WFM"]
[WhiteElo "1941"]
[BlackElo "2281"]
[WhiteClock "00:43:17"]
[BlackClock "00:30:08"]
[WhiteTeam "Nordrhein-Westfalen"]
[BlackTeam "Hessen"]
[PlyCount "84"]
[WhiteFideId "1641581"]
[BlackFideId "24654027"]
[EventCountry "GER"]
[EventRounds "7"]
[EventType "team-swiss"]
[EventDate "2018.10.02"]

1. e4 {[%clk 1:30:55]} e5 {[%clk 1:30:38]} 2. Nf3 {[%clk 1:31:06]} Nc6 {[%clk
1:31:03]} 3. Bb5 {[%clk 1:30:23]} a6 {[%clk 1:31:26]} 4. Bxc6 {[%clk 1:30:34]}
dxc6 {[%clk 1:31:51]} 5. Nc3 {[%clk 1:30:58]} Bc5 {[%clk 1:17:52]} 6. d3 {[%clk
1:27:41]} Qd6 {[%clk 1:16:02]} 7. Qe2 {[%clk 1:25:28]} Ne7 {[%clk 1:11:25]} 8.
Be3 {[%clk 1:25:38]} Ng6 {[%clk 1:10:35]} 9. Bxc5 {[%clk 1:23:21]} Qxc5 {[%clk
1:11:03]} 10. Qe3 {[%clk 1:23:27]} Qb4 {[%clk 0:39:26]} 11. O-O-O {[%clk
1:23:11]} Bg4 {[%clk 0:37:54]} 12. h3 {[%clk 1:20:05]} Bxf3 {[%clk 0:35:28]}
13. Qxf3 {[%clk 1:20:28]} Nf4 {[%clk 0:34:56]} 14. g3 {[%clk 1:19:47]} Ne6
{[%clk 0:34:06]} 15. Qh5 {[%clk 1:14:00]} Qd6 {[%clk 0:28:42]} 16. Rhf1 {[%clk
1:11:29]} g6 {[%clk 0:27:26]} 17. Qe2 {[%clk 1:09:53]} g5 {[%clk 0:21:03]} 18.
Qh5 {[%clk 1:06:28]} Qe7 {[%clk 0:18:34]} 19. Ne2 {[%clk 1:06:12]} O-O-O {[%clk
0:13:25]} 20. f4 {[%clk 1:05:38]} exf4 {[%clk 0:10:54]} 21. gxf4 {[%clk
1:06:00]} f6 {[%clk 0:06:34]} 22. fxg5 {[%clk 1:03:18]} Nxg5 {[%clk 0:06:39]}
23. h4 {[%clk 1:01:03]} Ne6 {[%clk 0:05:49]} 24. Qf5 {[%clk 1:00:27]} Rhf8
{[%clk 0:04:33]} 25. Rf2 {[%clk 1:00:06]} Kb8 {[%clk 0:04:39]} 26. Rdf1 {[%clk
0:58:41]} c5 {[%clk 0:04:43]} 27. Nc3 {[%clk 0:57:37]} c6 {[%clk 0:04:50]} 28.
e5 {[%clk 0:55:51]} Nd4 {[%clk 0:03:50]} 29. Qf4 {[%clk 0:55:28]} fxe5 {[%clk
0:02:47]} 30. Qxf8 {[%clk 0:55:09]} Rxf8 {[%clk 0:03:16]} 31. Rxf8+ {[%clk
0:55:32]} Ka7 {[%clk 0:03:40]} 32. R8f6 {[%clk 0:46:13]} Qg7 {[%clk 0:03:43]}
33. Ne4 {[%clk 0:43:46]} Kb6 {[%clk 0:03:00]} 34. Rf7 {[%clk 0:42:15]} Qg2
{[%clk 0:02:37]} 35. R1f2 {[%clk 0:42:03]} Qh1+ {[%clk 0:02:51]} 36. Kd2 {[%clk
0:39:15]} Qb1 {[%clk 0:01:19]} 37. Kc3 {[%clk 0:31:17]} Qxa2 {[%clk 0:01:05]}
38. b3 {[%clk 0:30:50]} Qa1+ {[%clk 0:01:07]} 39. Kd2 {[%clk 0:30:31]} Qb2
{[%clk 0:00:46]} 40. Ng3 {[%clk 0:15:23]} Qxc2+ {[%clk 0:00:41]} 41. Ke3 {[%clk
0:15:23]} Qc1+ {[%clk 0:30:06]} 42. Ke4 {[%clk 0:43:17]} Qe1+ {[%clk 0:30:08]}
0-1

[Event "Deutsche Ländermeisterschaft 2018"]
[Site "Würzburg GER"]
[Date "2018.10.06"]
[Round "6"]
[White "Lesny, Florian"]
[Black "Arakelian, Aik"]
[Result "1/2-1/2"]
[Termination "normal"]
[Board "2.5"]
[WhiteElo "2073"]
[BlackElo "1879"]
[WhiteClock "00:26:43"]
[BlackClock "00:18:26"]
[WhiteTeam "Hessen"]
[BlackTeam "Nordrhein-Westfalen"]
[PlyCount "56"]
[WhiteFideId "12973874"]
[BlackFideId "16220340"]
[EventCountry "GER"]
[EventRounds "7"]
[EventType "team-swiss"]
[EventDate "2018.10.02"]

1. e4 {[%clk 1:30:58]} c5 {[%clk 1:30:16]} 2. Nf3 {[%clk 1:31:16]} Nc6 {[%clk
1:30:33]} 3. d4 {[%clk 1:31:35]} cxd4 {[%clk 1:30:49]} 4. Nxd4 {[%clk 1:31:55]}
g6 {[%clk 1:31:14]} 5. Nc3 {[%clk 1:31:20]} Bg7 {[%clk 1:31:33]} 6. Be3 {[%clk
1:31:38]} Nf6 {[%clk 1:31:40]} 7. Bc4 {[%clk 1:31:51]} d6 {[%clk 1:31:11]} 8.
f3 {[%clk 1:30:24]} O-O {[%clk 1:31:13]} 9. Qd2 {[%clk 1:30:32]} Bd7 {[%clk
1:28:49]} 10. O-O-O {[%clk 1:29:17]} Na5 {[%clk 1:27:01]} 11. Bb3 {[%clk
1:29:07]} Rc8 {[%clk 1:26:47]} 12. Kb1 {[%clk 1:28:24]} Nc4 {[%clk 1:22:32]}
13. Bxc4 {[%clk 1:28:38]} Rxc4 {[%clk 1:22:53]} 14. g4 {[%clk 1:28:38]} Qa5
{[%clk 1:22:19]} 15. Nd5 {[%clk 1:23:03]} Qd8 {[%clk 1:22:34]} 16. Nxf6+ {[%clk
1:05:45]} Bxf6 {[%clk 1:22:36]} 17. b3 {[%clk 1:04:59]} Rc8 {[%clk 1:19:56]}
18. h4 {[%clk 1:04:07]} b5 {[%clk 1:09:17]} 19. h5 {[%clk 1:02:51]} a5 {[%clk
1:07:59]} 20. Bh6 {[%clk 1:02:02]} b4 {[%clk 1:05:07]} 21. g5 {[%clk 0:54:41]}
Bh8 {[%clk 0:58:10]} 22. Bxf8 {[%clk 0:53:30]} Qxf8 {[%clk 0:58:11]} 23. hxg6
{[%clk 0:53:05]} fxg6 {[%clk 0:55:11]} 24. Qh2 {[%clk 0:43:20]} Qg7 {[%clk
0:53:14]} 25. f4 {[%clk 0:39:48]} Rc3 {[%clk 0:43:25]} 26. Qf2 {[%clk 0:26:51]}
Bg4 {[%clk 0:35:55]} 27. Rd2 {[%clk 0:27:10]} Rf3 {[%clk 0:18:41]} 28. Qg2
{[%clk 0:26:43]} Rxf4 {[%clk 0:18:26]} 1/2-1/2

[Event "Deutsche Ländermeisterschaft 2018"]
[Site "Würzburg GER"]
[Date "2018.10.06"]
[Round "6"]
[White "Browning, Rebecca"]
[Black "Laux, Dominik"]
[Result "0-1"]
[Termination "normal"]
[Board "2.6"]
[WhiteElo "1873"]
[BlackElo "1987"]
[WhiteClock "00:44:37"]
[BlackClock "00:13:22"]
[WhiteTeam "Nordrhein-Westfalen"]
[BlackTeam "Hessen"]
[PlyCount "96"]
[WhiteFideId "12984027"]
[BlackFideId "12994219"]
[EventCountry "GER"]
[EventRounds "7"]
[EventType "team-swiss"]
[EventDate "2018.10.02"]

1. e4 {[%clk 1:30:59]} c6 {[%clk 1:30:54]} 2. d4 {[%clk 1:31:22]} d5 {[%clk
1:31:13]} 3. exd5 {[%clk 1:31:47]} cxd5 {[%clk 1:31:38]} 4. Bd3 {[%clk
1:32:11]} Nc6 {[%clk 1:30:55]} 5. c3 {[%clk 1:31:01]} Nf6 {[%clk 1:31:10]} 6.
Nf3 {[%clk 1:31:23]} Bg4 {[%clk 1:30:01]} 7. h3 {[%clk 1:29:07]} Bh5 {[%clk
1:30:23]} 8. Bf4 {[%clk 1:27:18]} e6 {[%clk 1:29:22]} 9. Nbd2 {[%clk 1:24:51]}
Bg6 {[%clk 1:23:34]} 10. Bxg6 {[%clk 1:24:44]} hxg6 {[%clk 1:23:59]} 11. Qb3
{[%clk 1:25:03]} Qc8 {[%clk 1:22:34]} 12. O-O {[%clk 1:23:52]} Be7 {[%clk
1:21:21]} 13. Rae1 {[%clk 1:22:44]} O-O {[%clk 1:18:25]} 14. Re3 {[%clk
1:21:00]} a6 {[%clk 1:12:29]} 15. Ne5 {[%clk 1:16:17]} b5 {[%clk 1:06:04]} 16.
a3 {[%clk 1:14:52]} Ra7 {[%clk 1:00:38]} 17. Rfe1 {[%clk 1:13:04]} Na5 {[%clk
0:55:24]} 18. Qd1 {[%clk 1:13:08]} Rb7 {[%clk 0:50:39]} 19. Rf3 {[%clk
1:09:58]} Nc4 {[%clk 0:49:34]} 20. Ndxc4 {[%clk 1:10:11]} bxc4 {[%clk 0:49:23]}
21. Bc1 {[%clk 1:10:30]} Rb3 {[%clk 0:41:29]} 22. h4 {[%clk 1:07:39]} Bd6
{[%clk 0:34:08]} 23. Rh3 {[%clk 1:03:53]} Re8 {[%clk 0:31:42]} 24. g4 {[%clk
0:59:52]} Kf8 {[%clk 0:29:34]} 25. g5 {[%clk 0:57:45]} Bxe5 {[%clk 0:26:33]}
26. dxe5 {[%clk 0:54:53]} Nd7 {[%clk 0:24:49]} 27. Qc2 {[%clk 0:54:32]} Ke7
{[%clk 0:22:03]} 28. Ree3 {[%clk 0:52:00]} Rh8 {[%clk 0:20:19]} 29. Qd2 {[%clk
0:51:42]} Nc5 {[%clk 0:19:39]} 30. Ref3 {[%clk 0:50:30]} Nd3 {[%clk 0:18:31]}
31. Rxd3 {[%clk 0:47:55]} cxd3 {[%clk 0:18:54]} 32. Qxd3 {[%clk 0:48:23]} Qc4
{[%clk 0:15:23]} 33. Qe3 {[%clk 0:46:49]} Rb7 {[%clk 0:11:31]} 34. f4 {[%clk
0:45:47]} Rd7 {[%clk 0:10:11]} 35. Kf2 {[%clk 0:39:40]} d4 {[%clk 0:09:01]} 36.
Qe4 {[%clk 0:34:11]} Rc8 {[%clk 0:06:39]} 37. Qc2 {[%clk 0:23:52]} dxc3 {[%clk
0:02:41]} 38. Rxc3 {[%clk 0:24:09]} Qd4+ {[%clk 0:03:04]} 39. Be3 {[%clk
0:24:33]} Rxc3 {[%clk 0:03:26]} 40. bxc3 {[%clk 0:24:56]} Qc4 {[%clk 0:01:40]}
41. Qb2 {[%clk 0:24:13]} Qc6 {[%clk 0:22:22]} 42. Qb4+ {[%clk 0:50:49]} Ke8
{[%clk 0:22:10]} 43. Qb8+ {[%clk 0:50:41]} Rd8 {[%clk 0:22:34]} 44. Qb4 {[%clk
0:51:04]} Rc8 {[%clk 0:21:47]} 45. Bd4 {[%clk 0:50:47]} Qb5 {[%clk 0:18:58]}
46. Ke3 {[%clk 0:48:35]} Rc4 {[%clk 0:15:13]} 47. Qd6 {[%clk 0:48:45]} a5
{[%clk 0:13:32]} 48. Kd2 {[%clk 0:44:37]} Rc6 {[%clk 0:13:22]} 0-1